Fejleszt a kassai tejüzem

Bibliographic Details
Main Author: (-tl-) (Author)
Corporate Author: Košická mliekáreň Cassovia (Slovensko) (Author)
Format: Article
Language:Hungarian
Slovak
Subjects:

MARC

LEADER 00000nab a2200000 a 4500
001 vtls000923937
003 SK-MaSNL
005 20260319073743.0
008 040720e19950624xo 0 hun
035 |a KE32814 
040 |a KEVKJB  |b slo  |c KEVKJB  |e AACR2 
041 1 |h slo 
044 |a xo  |c SK 
080 |a 637.1  |2 1981 
100 0 |a (-tl-)  |4 aut  |9 1017335 
245 1 0 |a Fejleszt a kassai tejüzem 
610 2 7 |a Košická mliekáreň Cassovia (Slovensko)  |2 KEVKJB  |9 877832 
650 0 7 |a sociálny rozvoj  |2 KEVKJB  |9 67413 
651 7 |a Košice (Slovensko)  |2 KEVKJB  |9 18694 
651 7 |a KS,  |2 KEVKJB  |9 880381 
655 7 |a periodikum  |2 snkbucl  |9 29553 
710 2 |a Košická mliekáreň Cassovia (Slovensko)  |4 aut  |9 877832 
773 0 8 |t Új Szó  |g Roč. 48  |g Roč. 28, č.146, 24.6.1995, s. 4 
773 0 8 |i Príl.:  |t Pénz-piac-agrárvilág 
852 |a ZVYKNI  |b KIS3GCP 
999 |c 1670235  |d 1672165